000 00832cab a22002055a 4500
001 L157212
008 120925e20120921xxk 000 0 eng d
035 _a(Sirsi) u157212
041 0 _aeng
100 1 _aSandher, Hardeep
245 0 0 _aMarkets
_bMidtown
260 _c2011
490 0 _aProperty Week
_v78(38) 21 September 2012, 53-56(4)
520 _aThe influx of overseas investors in Midtown have elevated prices leading to an increase in transactions and a decrease in yields. Lists 13 speculative office development schemes currently due to be completed by end of June 2013. HMRC is expected to vacate Somerset House by March 2013 leading to speculation of possible redevelopment as a hotel.
590 _aKA
651 4 _aLondon
690 _aCommercial property
_96227
690 _aInvestments
_96250
942 _n0
999 _c84301
_d84301